MARC details
| 000 -CABECERA |
| campo de control de longitud fija |
01483nam a2200265 i 4500 |
| 003 - IDENTIFICADOR DEL NÚMERO DE CONTROL |
| campo de control |
DO-SdBNP |
| 005 - FECHA Y HORA DE LA ÚLTIMA TRANSACCIÓN |
| campo de control |
20260203140251.0 |
| 007 - CAMPO FIJO DE DESCRIPCIÓN FÍSICA--INFORMACIÓN GENERAL |
| campo de control de longitud fija |
ta |
| 008 - DATOS DE LONGITUD FIJA--INFORMACIÓN GENERAL |
| campo de control de longitud fija |
260203b2019 dr ac||| |||| 00| 0 spa d |
| 040 ## - FUENTE DE LA CATALOGACIÓN |
| Centro catalogador/agencia de origen |
DO-SdBNP |
| Lengua de catalogación |
spa |
| Centro/agencia transcriptor |
BNPHU |
| Normas de descripción |
rda |
| 041 ## - CÓDIGO DE LENGUA |
| Código de lengua del texto/banda sonora o título independiente |
spa |
| 082 #4 - NÚMERO DE LA CLASIFICACIÓN DECIMAL DEWEY |
| Número de clasificación |
xxx |
| Número de documento/Ítem |
U58i 2019-2021 |
| Número de edición |
22 |
| 110 2# - ENTRADA PRINCIPAL--NOMBRE DE ENTIDAD CORPORATIVA |
| Nombre de entidad corporativa o nombre de jurisdicción como elemento de entrada |
Universidad Nacional Pedro Henríquez Ureña |
| 245 10 - MENCIÓN DE TÍTULO |
| Título |
Informe de gestión : |
| Resto del título |
período rectoral 2019-2021 / |
| Mención de responsabilidad, etc. |
Miguel Fiallo Calderón. |
| 264 ## - PRODUCCIÓN, PUBLICACIÓN, DISTRIBUCIÓN, FABRICACIÓN Y COPYRIGHT |
| Producción, publicación, distribución, fabricación y copyright |
Santo Domingo, República Dominicana : |
| Nombre del de productor, editor, distribuidor, fabricante |
Universidad Nacional Pedro Henríquez Ureña (UNPHU), |
| Fecha de producción, publicación, distribución, fabricación o copyright |
2021. |
| 300 ## - DESCRIPCIÓN FÍSICA |
| Extensión |
131 páginas : |
| Otras características físicas |
ilustraciones, retratos ; |
| Dimensiones |
32 cm. |
| 336 ## - TIPO DE CONTENIDO |
| Término de tipo de contenido |
texto |
| Código de tipo de contenido |
txt |
| Fuente |
rdacontent |
| 337 ## - TIPO DE MEDIO |
| Nombre/término del tipo de medio |
sin mediación |
| Código del tipo de medio |
n |
| Fuente |
rdamedia |
| 338 ## - TIPO DE SOPORTE |
| Nombre/término del tipo de soporte |
volumen |
| Código del tipo de soporte |
nc |
| Fuente |
rdacarrier |
| 505 ## - NOTA DE CONTENIDO CON FORMATO |
| Nota de contenido con formato |
Informe ejecutivo 2017-2019 -- Informe de gestión rectoral 2017-2019 -- Vicerrectoría Académica -- Vicerrectoría de Posgrados -- Vicerrectoría de Proyectos, investigación y vinculación -- Vicerrectoría de gestión e internacionalización -- Vicerrectoría Recinto La Vega -- Dirección de desarrollo institucional y aseguramiento de la calidad -- Informe económico y financiero -- Área administrativa y financiera -- Prounphu -- Centro de Altos Estudios Humanísticos y del Idioma Español -- Estados financieros auditados por Guzmán Tapia PKF al 31 de diciembre de 2018 --. |
| 590 ## - NOTA LOCAL (RLIN) |
| Nota local |
Inventariado, 2026 /LP |
| 700 1# - PUNTO DE ACCESO ADICIONAL--NOMBRE DE PERSONA |
| Nombre de persona |
Fiallo Calderón, Miguel, |
| Fechas asociadas al nombre |
1948- |
| 9 (RLIN) |
75903 |
| 910 ## - DATOS DE OPCIÓN DEL USUARIO (OCLC) |
| Datos de opción del usuario |
LP |
| 942 ## - ELEMENTOS DE PUNTO DE ACCESO ADICIONAL (KOHA) |
| Fuente del sistema de clasificación o colocación |
Dewey Decimal Classification |
| Tipo de ítem Koha |
Libro |